Final EFL League One Table 2023/24 - Statistics

General Stats
  • This quiz has been taken 10 times
  • The average score is 17 of 24
Answer Stats
Position Club W D L GD Points % Correct
2 Derby County 28 8 10 +41 92
100%
1 Portsmouth 28 13 5 +37 97
100%
6 Barnsley 21 13 12 +18 76
90%
3 Bolton Wanderers 25 12 9 +35 87
90%
5 Oxford United 22 11 13 +23 77
90%
7 Lincoln City 20 14 12 +25 74
80%
4 Peterborough United 25 9 12 +28 84
80%
8 Blackpool 21 10 15 +17 73
70%
24 Carlisle United 7 9 30 -40 30
70%
21 Cheltenham Town 12 8 26 -24 44
70%
22 Fleetwood Town 10 13 23 -23 43
70%
23 Port Vale 10 11 25 -33 41
70%
17 Reading 16 11 19 -2 53
70%
9 Stevenage 19 14 13 +11 71
70%
12 Wigan Athletic 20 10 16 +7 62
70%
20 Burton Albion 12 10 24 -28 46
60%
18 Cambridge United 12 12 22 -22 48
60%
16 Charlton Athletic 11 20 15 -1 53
60%
11 Leyton Orient 18 11 17 -2 65
60%
10 Wycombe Wanderers 17 14 15 +5 65
60%
13 Exeter City 17 10 19 -15 61
50%
14 Northampton Town 17 9 20 -9 60
50%
19 Shrewsbury Town 13 9 24 -32 48
50%
15 Bristol Rovers 16 9 21 -16 57
40%
No matching quizzes found
Score Distribution
Percent of People with Each Score
Percentile by Number Answered
Your Score History
You have not taken this quiz